Ganadores del premio Golden Boy - Estadísticas

Estadísticas generales
  • Esta prueba ha sido intentada 81 veces
  • La puntuación promedio es 13 de 21
Estadísticas de respuestas
Año de galardón Ganador % Correcto
2022 (Barcelona) Gavi
94%
2021 (Barcelona) Pedri
94%
2012 (Málaga) Isco
89%
2023 (Real Madrid) Jude Bellingham
89%
2005 (Barcelona) Lionel Messi
87%
2017 (Mónaco) Kylian Mbappe
85%
2019 (Benfica) Joao Felix
77%
2020 (Borrusia Dortmund) Erling Haaland
74%
2007 (Atlético de Madrid) Sergio Aguero
73%
2018 (Ajax) Matthijs De Ligt
68%
2013 (Juventus) Paul Pogba
66%
2006 (Arsenal) Cesc Fabregas
50%
2004 (Manchester United) Wayne Rooney
50%
2015 (Manchester United) Anthony Martial
45%
2010 (Manchester City) Mario Balotelli
45%
2011 (Borrusia Dortmund) Mario Gotze
45%
2009 (A.C Milan) Alexandre Pato
44%
2014 (Liverpool) Raheem Sterling
42%
2016 (Bayern de Munich) Renato Sanches
40%
2003 (Ajax) Rafael Van Der Vaart
31%
2008 (Manchester United) Anderson Oliveira
10%
No se encontraron pruebas coincidentes
Distribución de puntuación
Porcentaje de gente con cada puntuación
Porcentaje por número respondido
Historial de tus puntuaciones
No has intentado esta prueba.